The Royal Horticultural Society (Vol. 2), K-Z encyclopedia of garden plants

Bibliographic Details
Corporate Author: The Royal Horticultural Society
Other Authors: Brickell, Christopher
Format: Book
Published: London. : DK Pub. , 2003.
Subjects:

MARC

LEADER 00000cam a2200000 7i4500
001 0000003525
005 20060412.0
020 0 0 |a 0751337382 
090 0 0 |a 635.903   |b RHS 
240 0 0 |a A-Z encyclopedia of garden plants 
245 1 0 |a The Royal Horticultural Society (Vol. 2), K-Z encyclopedia of garden plants   |c Christopher Brickell, editors-in-chief. 
260 0 0 |a London. :   |b DK Pub. ,   |c 2003. 
300 |a 1128 p. :   |b col. ill., col. map ;   |c 30 cm. 
650 0 0 |a Plants, Ornamental   |x Encyclopedias. 
700 1 1 |a Brickell, Christopher. 
710 2 1 |a The Royal Horticultural Society 
999 |a 0000006895   |b Monograph   |c Open Shelf   |e Default branch